Faculty of Law Library — Cairo University

Official Online Catalog

Strafgesetzbuch : (Record no. 74617)

MARC details
000 -LEADER
fixed length control field 01222nam a2200385 i 4500
003 - CONTROL NUMBER IDENTIFIER
control field EG-GICUC
005 - DATE AND TIME OF LATEST TRANSACTION
control field 20260501124448.0
008 - FIXED-LENGTH DATA ELEMENTS--GENERAL INFORMATION
fixed length control field 260501s1985 gw ||||fr|||| 00| 0 ger d
020 ## - INTERNATIONAL STANDARD BOOK NUMBER
International Standard Book Number 3110103583
040 ## - CATALOGING SOURCE
Original cataloging agency EG-GiCUC
Language of cataloging ger
Transcribing agency EG-GiCUC
Modifying agency EG-GiCUC
Description conventions rda
041 ## - LANGUAGE CODE
Language code of text/sound track or separate title ger
Language code of original ger
082 04 - DEWEY DECIMAL CLASSIFICATION NUMBER
Edition number 21
Classification number 343.1
Item number JE.S
092 04 - LOCALLY ASSIGNED DEWEY CALL NUMBER (OCLC)
Edition number 21
099 ## - LOCAL FREE-TEXT CALL NUMBER (OCLC)
Classification number Law1 10 343.1 JE.S 10 ed 1985
100 1# - MAIN ENTRY--PERSONAL NAME
Personal name Jescheck , Hans Heinrich
Relator term editor.
245 ## - TITLE STATEMENT
Title Strafgesetzbuch :
Remainder of title Leipziger Kommentar Großkommentar .
Number of part/section of a work Vol.38 ,
Name of part/section of a work $$ 283-283 d /
Statement of responsibility, etc. Hans Heinrich Jescheck .
250 ## - EDITION STATEMENT
Edition statement 10 ed
264 ## - PRODUCTION, PUBLICATION, DISTRIBUTION, MANUFACTURE, AND COPYRIGHT NOTICE
Place of production, publication, distribution, manufacture Berlin :
Name of producer, publisher, distributor, manufacturer Walter de Gruyter ,
Date of production, publication, distribution, manufacture, or copyright notice 1985.
300 ## - PHYSICAL DESCRIPTION
Extent 239 Pages ,
Dimensions 24 cm
336 ## - CONTENT TYPE
Source rda content
Content type term text
337 ## - MEDIA TYPE
Source rda media
Media type term Computer
338 ## - CARRIER TYPE
Source rda carrier
Carrier type term Online Resource
490 ## - SERIES STATEMENT
Series statement Leipziger Kommentar
546 ## - LANGUAGE NOTE
Language note Text in German
650 1# - SUBJECT ADDED ENTRY--TOPICAL TERM
Topical term or geographic name entry element Strafrecht
Source of heading or term qrmak
650 1# - SUBJECT ADDED ENTRY--TOPICAL TERM
Topical term or geographic name entry element Strafgesetzbuch
Source of heading or term qrmak
650 1# - SUBJECT ADDED ENTRY--TOPICAL TERM
Topical term or geographic name entry element Strafgesetzbuch – Sonderabschnitt
Source of heading or term qrmak
651 1# - SUBJECT ADDED ENTRY--GEOGRAPHIC NAME
Source of heading or term qrmak
700 1# - ADDED ENTRY--PERSONAL NAME
Personal name Wolfgang Ruß
Relator term editor.
700 1# - ADDED ENTRY--PERSONAL NAME
Personal name Günther Willms
Relator term editor.
700 1# - ADDED ENTRY--PERSONAL NAME
Personal name Tiedemann
Relator term Contributor
856 40 - ELECTRONIC LOCATION AND ACCESS
Uniform Resource Identifier <a href="https://fll.law.cu.edu.eg/fulltext/bks/B10-10878.pdf">https://fll.law.cu.edu.eg/fulltext/bks/B10-10878.pdf</a>
905 ## - Cataloger and Reviser Names
Cataloger Name: Hager Sameh
942 ## - ADDED ENTRY ELEMENTS (KOHA)
Source of classification or shelving scheme Dewey Decimal Classification
Koha item type Books
Edition 21
Suppress in OPAC No
Holdings
Withdrawn status Lost status Source of classification or shelving scheme Materials specified (bound volume or other part) Damaged status Not for loan Collection Home library Current library Date acquired Total checkouts Full call number Barcode Date last seen Copy number Price effective from Koha item type
    Dewey Decimal Classification V38   Not for loan القانون الجنائي جــــامعة القــاهرة مكتبة كلية الحقوق - المبنى الرئيسي 01.05.2026   Law1 10 343.1 JE.S 10 ed 1985 1010878 V38 ,C1 B10-10878 01.05.2026 1 01.05.2026 Books

© All rights reserved — Faculty of Law, Cairo University